<?xml version="1.0" encoding="UTF-8"?>
<marc:record xmlns:marc="http://www.loc.gov/MARC21/slim">
   <marc:leader>00000nam a2200000 a 4500</marc:leader>
   <marc:datafield ind1="1" ind2=" " tag="100">
      <marc:subfield code="a">Hirschal, Adi</marc:subfield>
      <marc:subfield code="4">aut</marc:subfield>
      <marc:subfield code="e">Verfasser/-in</marc:subfield>
   </marc:datafield>
   <marc:datafield ind1="0" ind2="0" tag="245">
      <marc:subfield code="a">Die ganze Welt ist Wien /Adi Hirschal und die kleinste Bigband der Welt</marc:subfield>
   </marc:datafield>
   <marc:datafield ind1="0" ind2="0" tag="245">
      <marc:subfield code="c">Adi Hirschal</marc:subfield>
   </marc:datafield>
   <marc:datafield ind1=" " ind2="1" tag="264">
      <marc:subfield code="a">Wien</marc:subfield>
      <marc:subfield code="b">Preiser, Otto</marc:subfield>
      <marc:subfield code="c">2005</marc:subfield>
   </marc:datafield>
   <marc:datafield ind1="1" ind2=" " tag="520">
      <marc:subfield code="a">Angaben aus der Verlagsmeldung

Die ganze Welt ist Wien /Adi Hirschal und die kleinste Bigband der Welt / von Adi Hirschal

die cd wurde live eingespielt, sozusagen undergroundmässig rauh in der donaustadt.
die musik hat sich in vielen live-auftritten erst zu dem entwickelt, was man jetzt hören kann.
sie ist nicht ausgedacht, sondern ausdruck dreier menschen' lust am musizieren, es steckt nichts dahinter, sie ist aus purem publikumserprobtem entertainment geboren, unprätentiös, unkompliziert, dem publikum zur gaudi und dem kenner zur freude.
handfestes handwerk im dienste der verbreitung des wienerliedes mit den mitteln der ironie und des understatements.

viel vergnügen ihr adi hirschal
</marc:subfield>
   </marc:datafield>
   <marc:datafield ind1=" " ind2=" " tag="020">
      <marc:subfield code="a">9783708501314</marc:subfield>
      <marc:subfield code="9">9783708501314</marc:subfield>
   </marc:datafield>
   <marc:datafield ind1=" " ind2=" " tag="020">
      <marc:subfield code="a">3708501314</marc:subfield>
      <marc:subfield code="9">3708501314</marc:subfield>
   </marc:datafield>
   <marc:datafield ind1=" " ind2=" " tag="041">
      <marc:subfield code="a">ger</marc:subfield>
   </marc:datafield>
</marc:record>
